| 000 | 00409nam a22001577a 4500 | ||
|---|---|---|---|
| 003 | DO-SdBNP | ||
| 005 | 20180212085223.0 | ||
| 008 | 180212b xxu||||| |||| 00| 0 spa d | ||
| 040 |
_aBPMSU _bspa _cBPMSU |
||
| 100 | _aSilversyein, Shel | ||
| 245 |
_aEl árbol generoso _cShel Silverstein |
||
| 300 |
_a112 p. : _bil. _c24 cm |
||
| 942 |
_2ddc _cBK |
||
| 945 | _ainventariado, 2018 / dg | ||
| 956 |
_adgarcia _b10 |
||
| 999 |
_c13281 _d13281 |
||